Introduction to management science / (Record no. 1076)
[ view plain ]
| 000 -LEADER | |
|---|---|
| fixed length control field | 00717nac a22002051u 4500 |
| 020 ## - INTERNATIONAL STANDARD BOOK NUMBER | |
| International Standard Book Number | 013122932X (pbk) |
| 082 ## - DEWEY DECIMAL CLASSIFICATION NUMBER | |
| Classification number | 658.4033 |
| Item number | T2381 |
| 090 ## - LOCALLY ASSIGNED LC-TYPE CALL NUMBER (OCLC); LOCAL CALL NUMBER (OCLC) | |
| -- | 1076 |
| -- | 1076 |
| 100 ## - MAIN ENTRY--PERSONAL NAME | |
| Personal name | Taylor, Bernard W. |
| 245 ## - TITLE STATEMENT | |
| Title | Introduction to management science / |
| Statement of responsibility, etc | Bernard W. Taylor. |
| 250 ## - EDITION STATEMENT | |
| Edition statement | 8th ed. |
| 260 ## - PUBLICATION, DISTRIBUTION, ETC. (IMPRINT) | |
| Place of publication, distribution, etc | Englewood Cliffs, N.J. : |
| Name of publisher, distributor, etc | Pearson/Prentice Hall, |
| Date of publication, distribution, etc | 2004. |
| 300 ## - PHYSICAL DESCRIPTION | |
| Extent | xviii, 761 p. : |
| Other physical details | ill. ; |
| Dimensions | 26 cm. |
| 500 ## - GENERAL NOTE | |
| General note | Previous ed.: 2002. |
| 500 ## - GENERAL NOTE | |
| General note | Includes index. |
| 500 ## - GENERAL NOTE | |
| General note | Formerly CIP. |
| 650 ## - SUBJECT ADDED ENTRY--TOPICAL TERM | |
| Topical term or geographic name as entry element | Management science. |
| 942 ## - ADDED ENTRY ELEMENTS (KOHA) | |
| Item type | Book - Borrowing |
| Call number prefix | 658.4033T2381 |
| Withdrawn status | Item status | Damaged status | Not for loan | Home library | Current library | Shelving location | Date acquired | Source of acquisition | Total Checkouts | Full call number | Barcode | Date last seen | Date last borrowed | Koha item type |
|---|---|---|---|---|---|---|---|---|---|---|---|---|---|---|
| Central Library | Central Library | First floor | 20/08/2006 | Purchase | 2 | 658.4033 TAY | 000003421 | 15/07/2025 | 08/12/2016 | Book - Borrowing |